Which Beatle Sang It? Click Quiz #1 - Statistics

General Stats
  • This quiz has been taken 1,561 times
  • The average score is 16 of 20
Answer Stats
Hint Answer % Correct
Hey Jude Paul McCartney
92%
Yesterday Paul McCartney
90%
Let It Be Paul McCartney
90%
Yellow Submarine Ringo Starr
86%
I Am The Walrus John Lennon
85%
Eleanor Rigby Paul McCartney
85%
Blackbird Paul McCartney
85%
While My Guitar Gently Weeps George Harrison
84%
Strawberry Fields Forever John Lennon
83%
Come Together John Lennon
82%
Here Comes The Sun George Harrison
80%
When I'm Sixty-Four Paul McCartney
80%
Something George Harrison
78%
Help! John Lennon
78%
All You Need Is Love John Lennon
76%
With A Little Help From My Friends Ringo Starr
74%
I'm Only Sleeping John Lennon
71%
In My Life John Lennon
69%
Here, There and Everywhere Paul McCartney
68%
Taxman George Harrison
62%
No matching quizzes found
Score Distribution
Percent of People with Each Score
Percentile by Number Answered
Your Score History
You have not taken this quiz